000 00799nam a2200205Ia 4500
003 GCL
008 140319s9999 xx 000 0 ara d
040 _aGCL /
_cGCL
082 0 4 _a370.15
_bم م
100 1 _aمحمد ايوب شحيمى
245 1 0 _aمشاكل الاطفال كيف نفهمها :
_bالمشكلات و الانحرافات الطفولية وسبل علاجها /
_cمحمد ايوب شحيمى
260 _aبيروت :
_bدار الفكر اللبنانى ،
_c1994
300 _a328 ص ؛
_c24 سم
490 _aمكتبة الطفل النفسية والتربوية
_v0
650 0 4 _aتعليم الاطفال
650 0 4 _aعلم النفس التربوى
650 0 4 _aالاطفال - علم نفس
650 0 4 _aالاطفال - رعاية
942 _2ddc
_cBK
999 _c37420
_d37420